Catálogo
 En Linea

Imágenes y memoria de la educación dominicana / (Registro nro. 59778)

Detalles MARC
000 -CABECERA
campo de control de longitud fija 02045nam a2200277 i 4500
003 - IDENTIFICADOR DEL NÚMERO DE CONTROL
campo de control DO-SdBNP
005 - FECHA Y HORA DE LA ÚLTIMA TRANSACCIÓN
campo de control 20250812141506.0
007 - CAMPO FIJO DE DESCRIPCIÓN FÍSICA--INFORMACIÓN GENERAL
campo de control de longitud fija ta
008 - DATOS DE LONGITUD FIJA--INFORMACIÓN GENERAL
campo de control de longitud fija 250812b2025 dr ao||| |||| 00| 0 spa d
020 ## - NÚMERO INTERNACIONAL ESTÁNDAR DEL LIBRO
Número Internacional Estándar del Libro 9789945656244
040 ## - FUENTE DE LA CATALOGACIÓN
Centro catalogador/agencia de origen DO-SdBNP
Lengua de catalogación spa
Centro/agencia transcriptor BNPHU
Normas de descripción rda
041 ## - CÓDIGO DE LENGUA
Código de lengua del texto/banda sonora o título independiente spa
082 ## - NÚMERO DE LA CLASIFICACIÓN DECIMAL DEWEY
Número de clasificación xxx
Número de documento/Ítem R696
Número de edición 22
100 1# - ENTRADA PRINCIPAL--NOMBRE DE PERSONA
Nombre de persona Rodríguez Castro, Duleidys
Fechas asociadas al nombre 1982-
Término indicativo de función/relación autora
Código de función/relación aut.
9 (RLIN) 24825
245 10 - MENCIÓN DE TÍTULO
Título Imágenes y memoria de la educación dominicana /
Mención de responsabilidad, etc. Duleidys Rodríguez Castro
264 #4 - PRODUCCIÓN, PUBLICACIÓN, DISTRIBUCIÓN, FABRICACIÓN Y COPYRIGHT
Producción, publicación, distribución, fabricación y copyright Santo Domingo :
Nombre del de productor, editor, distribuidor, fabricante Editorial Santuario,
Fecha de producción, publicación, distribución, fabricación o copyright 2025.
300 ## - DESCRIPCIÓN FÍSICA
Extensión 166 Páginas :
Otras características físicas ilustraciones, fotografías
Dimensiones 24 cm.
336 ## - TIPO DE CONTENIDO
Término de tipo de contenido texto
Código de tipo de contenido txt
Fuente rdacontent
337 ## - TIPO DE MEDIO
Nombre/término del tipo de medio sin mediación
Código del tipo de medio n
Fuente rdamedia
338 ## - TIPO DE SOPORTE
Nombre/término del tipo de soporte volumen
Código del tipo de soporte nc
Fuente rdacarrier
500 ## - NOTA GENERAL
Nota general Incluye datos biografícos de la autora en la solapa de la cubierta.
520 ## - SUMARIO, ETC.
Sumario, etc. El presente libro reúne una colección de ensayos en torno a la historia de la educación dominicana. La mayoría han sido publicados con anterioridad en el periódico digital Acento y para la ocasión, corregidos y ampliados, agregando, en varios casos, imágenes que ilustran mejor su contenido.<br/>Se presentan veintiún artículos escritos entre noviembre del 2023 y febrero del 2025. Los temas tratados van desde los maestros representativos de sus comunidades, como es el caso de Santiago de los Caballeros, Moca y La Vega; hasta los superintendentes y secretarios de educación.<br/>La finalidad mayor que sostiene la empresa de escribir sobre las prácticas educativas en el país, es la visibilización de la necesidad de honrar el ejercicio docente, mediante la creación del museo pedagógico dominicano, para la cual he externado la disponibilidad de donar mi colección personal y por lo que he dedicado tres artículos a la causa: El museo nacional de la educación dominicana: una necesidad, Museo de la Educación Nacional de Rouen: un modelo para la República Dominicana y El museo pedagógico Pedro Valera de Montevideo.
590 ## - NOTA LOCAL (RLIN)
Nota local Inventariado, 2025/ YL
910 ## - DATOS DE OPCIÓN DEL USUARIO (OCLC)
Datos de opción del usuario Ylockward
942 ## - ELEMENTOS DE PUNTO DE ACCESO ADICIONAL (KOHA)
Fuente del sistema de clasificación o colocación Dewey Decimal Classification
Tipo de ítem Koha Libro
Existencias
Estado de retiro Estado de pérdida Fuente del sistema de clasificación o colocación Restricciones de uso No para préstamo Código de colección Localización permanente Ubicación/localización actual Ubicación en estantería Fecha de adquisición Fuente de adquisición Total de préstamos Signatura topográfica completa Código de barras Fecha visto por última vez Precio válido a partir de Tipo de ítem Koha Número de copia
    Dewey Decimal Classification Excluido de préstamo   Patrimonio Dominicano Biblioteca Nacional Pedro Henríquez Ureña Biblioteca Nacional Pedro Henríquez Ureña En catalogación 02.06.2025 Depósito Legal   BNPHU PD xxx R696 2025-8363 12.08.2025 12.08.2025 Libro  
    Dewey Decimal Classification Excluido de préstamo   Patrimonio Dominicano Biblioteca Nacional Pedro Henríquez Ureña Biblioteca Nacional Pedro Henríquez Ureña En catalogación 02.06.2025 Depósito Legal   BNPHU PD xxx R696 2025-8364 12.08.2025 12.08.2025 Libro e. 2
    Dewey Decimal Classification Préstamo en sala   Dominicana de Servicio Biblioteca Nacional Pedro Henríquez Ureña Biblioteca Nacional Pedro Henríquez Ureña En catalogación 02.06.2025 Depósito Legal   BNPHU DS xxx R696 2025-8365 12.08.2025 12.08.2025 Libro e. 3

Con tecnología Koha